000 00560ntaaa2200205 4500
003 01
005 20251027202955.0
008 0714s1973 ag 01
040 _aAR-BaBN
_bspa
_cAR-BaBN
_eaacr
_dRIC
082 _a980.0100 Si1s
100 _aSierra, Vicente D
_930650
245 _aEl sentido misional de la conquista de América
250 _a4 ed.
260 _aBuenos Aires :
_bDictio,
_c1980
300 _a564 p
500 _aBibliografía p. 549-564
650 _aAmérica Latina-historia
650 _aAmérica Latina-catolicismo
_91406
942 _cBK
999 _c25117
_d25117